IFM Opac

Operation Management;theory and practice (Record no. 16128)

MARC details
000 -LEADER
fixed length control field 00599nam a22002177a 4500
003 - CONTROL NUMBER IDENTIFIER
control field OSt
005 - DATE AND TIME OF LATEST TRANSACTION
control field 20220817114121.0
008 - FIXED-LENGTH DATA ELEMENTS--GENERAL INFORMATION
fixed length control field 220817b |||||||| |||| 00| 0 eng d
020 ## - INTERNATIONAL STANDARD BOOK NUMBER
International Standard Book Number 9781121913974
040 ## - CATALOGING SOURCE
Transcribing agency IFM Library
082 ## - DEWEY DECIMAL CLASSIFICATION NUMBER
Classification number 658.5 STE
100 ## - MAIN ENTRY--PERSONAL NAME
Personal name Stevenson, William
9 (RLIN) 3350
245 ## - TITLE STATEMENT
Title Operation Management;theory and practice
250 ## - EDITION STATEMENT
Edition statement 11th Edition
260 ## - PUBLICATION, DISTRIBUTION, ETC.
Place of publication, distribution, etc. New York :
Name of publisher, distributor, etc. McGraw Hill,
Date of publication, distribution, etc. 2013
300 ## - PHYSICAL DESCRIPTION
Extent v, 910 p.: ill.; 28cm
Accompanying material Cd
490 ## - SERIES STATEMENT
Series statement african edition
500 ## - GENERAL NOTE
General note Includes Index.
650 ## - SUBJECT ADDED ENTRY--TOPICAL TERM
Topical term or geographic name entry element Operations Management.
9 (RLIN) 2876
942 ## - ADDED ENTRY ELEMENTS (KOHA)
Koha item type Books
Source of classification or shelving scheme Dewey Decimal Classification
Edition 11th ed.
Suppress in OPAC No
Holdings
Withdrawn status Lost status Damaged status Not for loan Home library Current library Shelving location Date acquired Total Checkouts Full call number Barcode Date last seen Price effective from Koha item type Source of classification or shelving scheme Collection code Source of acquisition
        IFM Main Campus Library IFM Main Campus Library General Collection 08/17/2022   658.5 STE 0000020540 08/01/2016 02/19/2022 Books Dewey Decimal Classification Non-fiction Purchase
        IFM Main Campus Library IFM Main Campus Library General Collection 08/17/2022   658.5 STE 0000020539 08/01/2016 02/19/2022 Books Dewey Decimal Classification Non-fiction Purchased
        IFM Mwanza Campus IFM Mwanza Campus Mwanza Teaching Center 08/01/2016   658.5 STV 0000020510 08/01/2016 02/19/2022 Books